00454nam a22001457a 450000500170000000800410001702000150005804100130007308200160008610000330010224500730013526000560020830000190026465000250028320231107074607.0231107b |||||||| |||| 00| 0 eng d a0409059315 aEnglish  a346.43 VAN  aVan der Merwe, CG lEnglish  aSectional Titles, Share Blocks and Time-sharing /cCG Van der Merwe  aDurban : bButterworth Publishers (Pty) Ltd, c1995 bxvi, c26 cm.  aLegal practice bLaw